00678nam a2200181 a 450000100100000000500170001000800410002702000180006804000250008610000280011124501120013925000120025126000420026330000210030550000420032695201110036899900170047900004068820201002034315.0130905s2009 sp 000 0 spa d a9788437606750 aDO-SdBNPbspacBNPHU1 aQueneau, Raymond95262610aEjercicios de Estilo :bVersión y estudio introductorio de Antonio Fernández Ferrer /cRaymond Queneau. a13a ed. aMadrid :bEdiciones Cátedra,c2009. a162 p. ;c22 cm. aIncluye notas al pie de las páginas 001054708MOaGRbGRcCTd2013-09-05iLF1l0o p40688-10r2020-06-25w2020-06-25y4ZPréstamo en sala c40178d40178